Solano López y otros ensayos / (Record no. 111799)

MARC details
000 -LEADER
campo de control de longitud fija 00645nam a2200169 4500
001 - NÚMERO DE CONTROL
campo de control 111799
003 - IDENTIFICADOR DE NÚMERO DE CONTROL
campo de control ES-MaACL
005 - FECHA Y HORA DE LA ÚLTIMA TRANSACCIÓN
campo de control 20230906185350.0
007 - CAMPO FIJO DE DESCRIPCIÓN FÍSICA--INFORMACIÓN GENERAL
campo de control de longitud fija t|
008 - DATOS DE LONGITUD FIJA--INFORMACIÓN GENERAL
campo de control de longitud fija 061121s1926 fr r ||||1| spa d
100 1# - ENTRADA PRINCIPAL--NOMBRE DE PERSONA
Nombre de persona González, J. Natalicio.
9 (RLIN) 58323
245 10 - MENCIÓN DEL TÍTULO
Título Solano López y otros ensayos /
Mención de responsabilidad, etc. J. Natalicio López.
260 ## - PUBLICACIÓN, DISTRIBUCIÓN, ETC.
Lugar de publicación, distribución, etc. París :
Nombre del editor, distribuidor, etc. Berger-Levrault,
Fecha de publicación, distribución, etc. 1926.
300 ## - DESCRIPCIÓN FÍSICA
Extensión 167 p. ;
Dimensiones 16 cm.
505 8# - NOTA DE CONTENIDO CON FORMATO
Nota de contenido con formato Contiene: Pág. 3, Solano López. Pág. 33, Simón Bolivar. Pág. 51, Misión del arte. Pág.67, Arsenio López. Pág. 87, Juan E. O'Leary. Pág. 141, Evolución política y literaria del Paraguay
852 ## - LOCALIZACIÓN
Ubicación ES-MaACL
Número de control de estantería G-2042
Holdings
Estatus retirado Estado de pérdida Estado de daño No para préstamo Biblioteca de origen Biblioteca actual Ubicación en estantería Fecha de adquisición Fuente de adquisición Total de préstamos Signatura topográfica completa Código de barras Visto por última vez Precio de reemplazo Tipo de ítem Koha
        Biblioteca del Ateneo de Madrid Biblioteca del Ateneo de Madrid Depósito 2 17/01/2008     G-2042 1116623 23/02/2023 23/02/2023 Libro impreso